The King Is Dead! Quiz Stats

 Plays Quiz Updated Aug 4, 2017

Challenge
Share
Tweet
Embed
Score 0/30 Timer 10:00
0 Plays Today
Year Country % Correct
1870France
88.7%
1917Russia
79.8%
1918Germany
77.8%
476Roman Empire
75.1%
1707Scotland/England
55.7%
1795Poland
54.8%
1974Ethiopia
54.7%
1893Hawai'i
49.4%
1946Italy
48.4%
1973Greece
46.9%
1525Aztec Empire
45%
1979Iran
44.7%
1916China
44.4%
1924Mongolia
41.4%
1922Ottoman Empire
40.2%
Year Country % Correct
1945Vietnam
39.9%
1910Portugal
39.3%
1910Korea
39.1%
1453Byzantine Empire
34.1%
1867Mexico
32%
1918Austria-Hungary
32%
1958Iraq
29.1%
1939Albania
26.7%
931 BCEIsrael (united monarchy)
25.7%
1572Inca Empire
23.8%
1973Afghanistan
22.3%
2008Nepal
22%
1886Burma
15.4%
1804Holy Roman Empire
12.8%
1961Rwanda
11.2%

You're not logged in!

Compare scores with friends on all Sporcle quizzes.
Join for Free
OR
Log In

You Might Also Like...

Show Comments

Extras

Top Quizzes Today


Score Distribution

Your Account Isn't Verified!

In order to create a playlist on Sporcle, you need to verify the email address you used during registration. Go to your Sporcle Settings to finish the process.

Report this User

Report this user for behavior that violates our Community Guidelines.

Details: